000 01542nam2a2200349 4500
001 rc\3061074
005 20260405231623.0
010 _bВ пер.
_d25 р. 50 к.
_91000
021 _aRU
_b[41-25647]
035 _a(NLR Aleph) 007199780
090 _a13627243
_c13627243
100 _a20111013d1941 k y0rusy50 ca
101 0 _arus
_alat
_deng
102 _aRU
105 _aab z |||||
200 1 _aПластинчатоклювые
_fА.Я. Тугаринов
210 _d1941
215 _aVIII, 388 с., 5 вкл. л. ил.
_cил., карт.
_d25
225 0 _a...
_v№ 30
300 _aРезюме на англ. яз.
320 _aАлфавитный указатель: с. 379-82
320 _aБиблиогр.: с. 93-9
461 0 _1001rc\2986767
_12001#$aФауна СССР$iПтицы$fглав. ред. акад. С.А. Зернов$gред. А.А. Штакельберг$vТ. I, вып. 4
_96961034
_cМосква
_d1937-1985
_fглав. ред. акад. С.А. Зернов
_iПтицы
_nИздательство Академии наук СССР
_tФауна СССР
_vТ. I, вып. 4
606 1 _aПластинчатоклювые
_yСССР
_91938728
_3RU\NLR\AUTH\66885764
686 0 _aЕ693.352.7(2)
_2rubbk
700 1 _8rus
_7ca
_aТугаринов
_bА. Я.
_f1880-1948
_gАркадий Яковлевич
_3RU\NLR\AUTH\77105515
_988440
801 0 _aRU
_bNLR
_gpsbo
801 1 _aRU
_bELAR
_2rusmarc
801 2 _aRU
_bNLR
_c20141230
_2rusmarc
852 _aNLR
_jЗ02 Г-7/12 (1-4)
942 _cUNSPEC
980 _aNB